| 000 | 00699cam a22002294a 4500 | ||
|---|---|---|---|
| 999 |
_c6866 _d6866 |
||
| 001 | 3237 | ||
| 003 | BD-DhUAP | ||
| 005 | 20210109145029.0 | ||
| 008 | 201209s1997 nyua b 001 0 eng | ||
| 020 | _a0070577099 | ||
| 040 |
_aDNLM/DLC _cDLC _dBD-DhUAP _beng |
||
| 082 | 0 | 0 |
_a712 SIM _223 |
| 100 | _aSimonds, John Ormsbee. | ||
| 245 |
_aLandscape architecture : _ba manual of site planning and design / _cJohn Ormsbee Simonds. |
||
| 250 | _a3rd ed. | ||
| 260 |
_aNew York : _bMcGraw-Hill, _cc1997. |
||
| 300 |
_a405 pages : _billustrations ; _c28 cm. |
||
| 504 | _aIncludes bibliographies and index. | ||
| 650 | _aLandscape architecture. | ||
| 650 | _aBuilding sites--Planning. | ||
| 942 |
_2ddc _cBK |
||